Systémový prístup k riadeniu informačnej bezpečnosti

Saved in:
Bibliographic Details
Main Author: Strnád, Ondrej
Format: Book
Language:Slovak
Published: Trnava Tripsoft 2008
Series:Teória a prax manažérstva 9
Subjects:
Tags: Add Tag
No Tags, Be the first to tag this record!

MARC

LEADER 00000nam$a2200000$$$4500
001 0094856
005 20240314093548.1
020 |a 978-80-89291-20-5 
041 0 |a slo 
044 |a SK 
245 1 0 |a Systémový prístup k riadeniu informačnej bezpečnosti  |c Ondrej Strnád 
264 1 |a Trnava  |b Tripsoft  |c 2008 
300 |a 233 s. 
490 1 |a Teória a prax manažérstva  |v 9 
830 0 |a Teória a prax manažérstva  |v 9 
610 2 0 |a bezpečnosť informačná 
610 2 0 |a riadenie 
610 2 0 |a systémy informačné 
610 2 0 |a normy 
610 2 0 |a legislatíva 
610 2 0 |a riadenie rizík 
610 2 0 |a dokumentácia 
610 2 0 |a systémy riadenia 
100 1 |a Strnád, Ondrej